Thức ăn chữa bệnh tim mạch

Đã lưu trong:
书目详细资料
主要作者: Lương Tú Vân
格式: 图书
语言:Undetermined
出版: Huế Thuận Hóa 2000
主题:
标签: 添加标签
没有标签, 成为第一个标记此记录!
Thư viện lưu trữ: Trung tâm Học liệu Trường Đại học Cần Thơ
LEADER 00479nam a2200169Ia 4500
001 CTU_37427
008 210402s9999 xx 000 0 und d
082 |a 613.2 
082 |b V121 
100 |a Lương Tú Vân 
245 0 |a Thức ăn chữa bệnh tim mạch 
245 0 |c Lương Tú Vân 
260 |a Huế 
260 |b Thuận Hóa 
260 |c 2000 
650 |a diet therapy,diet-chichen 
980 |a Trung tâm Học liệu Trường Đại học Cần Thơ